000 01469nam a22001577a 4500
041 _aukr
080 _a09
090 _bКОН
100 _aКондратьєва А.Є.
245 _aМагічний реалізм у творчості Дж. Апдайка та В. Шевчука
260 _aОстрог
_bКАФ
_c2009
300 _a53
520 _aВСТУП РОЗДІЛ 1 МАГІЧНИЙ РЕАЛІЗМ ЯК ХУДОЖНЯ СИСТЕМА 1.1 Історія стилю магічного реалізму. 1.2 Естетичні принципи та засоби: гротеск, пародія, іронія. РОЗДІЛ 2 АМЕРИКАНСЬКА ТА УКРАЇНСЬКА МОДЕЛІ МАГІЧНОГО РЕАЛІЗМУ 2.1 Своєрідність осмислення проблем спілкування персонажів (засоби магічної сугестії). 2.2 Образи емансипованих жінок у суспільстві (магічний хронотоп). РОЗДІЛ 3 СТИЛЬОВІ ЗАСОБИ ЗОБРАЖЕННЯ МАГІЧНОГО 3.1 Маскультурні та фольклорні засоби: кітч Дж. Апдайка, автентичність В. Шевчука. 3.2 Порівняння психологічних типів демонічних персонажів. ВИСНОВКИ
_0реалізм, гротеск, пародія
650 _aResearch Papers
999 _c284103
_d284103
942 _cBK